Affirmative action for the future /

Bibliographic Details
Main Author: Sterba, James P.
Format: Book
Language:English
Published: Ithaca : Cornell University Press, 2009.
Subjects:

MARC

Tag First Indicator Second Indicator Subfields
LEADER 00000cam a22000004a 4500
001 in00002518421
005 20151111062709.0
008 090220s2009 nyu b 001 0 eng c
010 |a  2009007763 
015 |a GBA979977  |2 bnb 
016 7 |a 015347761  |2 Uk 
020 |a 9780801446078 (cloth : alk. paper) 
020 |a 0801446074 (cloth : alk. paper) 
020 |a 9780801475917 (pbk.:alk.paper) 
020 |a 0801475910 (pbk.:alk.paper) 
029 1 |a CDX  |b 9698918 
029 1 |a BWX  |b R1799445 
035 |a (OCoLC)ocn311075196 
035 |a (OCoLC)311075196 
040 |a NIC/DLC  |c DLC  |d BTCTA  |d YDXCP  |d C#P  |d UKM  |d CDX  |d BWX  |d UtOrBLW 
042 |a pcc 
043 |a n-us--- 
049 |a TXAM 
050 0 0 |a KF4755.5  |b .S74 2009 
082 0 0 |a 342.7308/5  |2 22 
100 1 |a Sterba, James P. 
245 1 0 |a Affirmative action for the future /  |c James P. Sterba. 
264 1 |a Ithaca :  |b Cornell University Press,  |c 2009. 
300 |a x, 131 pages ;  |c 24 cm. 
336 |a text  |b txt  |2 rdacontent 
337 |a unmediated  |b n  |2 rdamedia 
338 |a volume  |b nc  |2 rdacarrier 
504 |a Includes bibliographical references and index. 
505 0 |a Current racial and sexual discrimination -- A legal history of race- and sex-based affirmative action -- How best to define affirmative action -- A defense of outreach affirmative action -- A defense of remedial affirmative action -- Objections to remedial affirmative action -- A defense of diversity affirmative action -- Objections to diversity affirmative action -- Affirmative action around the world. 
650 0 |a Affirmative action programs  |x Law and legislation  |z United States. 
650 0 |a Affirmative action programs  |z United States. 
650 0 |a Affirmative action programs in education  |z United States. 
938 |a Baker and Taylor  |b BTCP  |n BK0008360279 
938 |a YBP Library Services  |b YANK  |n 3052148 
938 |a Coutts Information Services  |b COUT  |n 9698918 
938 |a Blackwell Book Service  |b BBUS  |n R1799445  |c $49.95 
945 |a PromptCat  |b 789832 
946 |a stk 
947 |a A14840150402 
994 |a 92  |b TXA 
948 |a cataloged  |b h  |d 2009/9/18  |h c  |e asalazar  |f 12:37:13 pm 
999 |a MARS 
999 f f |s 30c4e638-d245-3614-b0f0-09307acfe82c  |i 4f521d7f-9023-33e1-94f2-9d7cf8a7cea5  |t 0 
952 f f |p normal  |a Texas A&M University  |b College Station  |c Sterling C. Evans Library  |d Evans: Library Stacks  |t 0  |e KF4755.5 .S74 2009  |h Library of Congress classification  |i unmediated -- volume  |m A14840150402 
998 f f |a KF4755.5 .S74 2009  |t 0  |l Evans: Library Stacks